| 000 | 01411nam a2200361Ii 4500 | ||
|---|---|---|---|
| 001 | DIGUCLA0113 | ||
| 003 | NyNyDIG | ||
| 006 | m o d | ||
| 007 | cr ||||||||||| | ||
| 008 | 250103s2024 ck ob 000 0 spa d | ||
| 035 | _a(OCoLC)1484505695 | ||
| 040 |
_aDGITA _beng _erda _epn _cDGITA |
||
| 020 |
_a9786287765030 _qe(versión digital) |
||
| 050 | 1 | 4 | _aB3359.W74 ebook |
| 100 | 1 |
_aViveros Chavarría, Edison Francisco, _eauthor. |
|
| 245 | 1 | 0 |
_aApología de lo extraño : _buna aproximación desde Bernhard Waldenfels / _cEdison Francisco Viveros Chavarría. |
| 264 | 1 |
_aMedellín, Antioquia, Colombia : _bFondo Editorial Universidad Católica Luis Amigó, _c[2024] |
|
| 300 | _a1 online resource. | ||
| 336 |
_atext _btxt _2rdacontent |
||
| 337 |
_acomputer _bc _2rdamedia |
||
| 338 |
_aonline resource _bcr _2rdacarrier |
||
| 347 |
_atext file _2rdaft |
||
| 347 | _bPDF | ||
| 504 | _aIncludes bibliographical references. | ||
| 588 | 0 | _aOnline resource; title from PDF title page (Digitalia, viewed January 3, 2025) | |
| 600 | 1 | 0 |
_aWaldenfels, Bernhard, _d1934- _xCriticism and interpretation. |
| 650 | 0 | _aPhenomenology. | |
| 791 | 2 |
_aDigitalia (Firm), _edistributor. |
|
| 793 | 0 |
_gDigitalia eBook Collection: _aUniversidad Católica Luis Amigó |
|
| 856 | 4 | 0 |
_3Digitalia Hispánica _uhttps://www.digitaliapublishing.com/a/169947/ |
| 910 | _aPremium collection: 2025 | ||
| 942 | _cRAA | ||
| 999 |
_c290281 _d290281 |
||